ARRUPE JESUIT UNIVERSITY

CORONAVIRUS -STOP THE SPREAD - CLEAN,DISINFECT,COVER

The new century / (Record no. 123603)

MARC details
000 -LEADER
fixed length control field 01373cam a2200421 a 4500
001 - CONTROL NUMBER
control field 8150818
003 - CONTROL NUMBER IDENTIFIER
control field ARRUPE
005 - DATE AND TIME OF LATEST TRANSACTION
control field 20151024125431.0
008 - FIXED-LENGTH DATA ELEMENTS--GENERAL INFORMATION
fixed length control field 000417s2000 enk 001 0 eng
015 ## - NATIONAL BIBLIOGRAPHY NUMBER
National bibliography number GBA0-Z6934
020 ## - INTERNATIONAL STANDARD BOOK NUMBER
International Standard Book Number 0316854298
020 ## - INTERNATIONAL STANDARD BOOK NUMBER
International Standard Book Number 9780316854290
035 ## - SYSTEM CONTROL NUMBER
System control number (OCoLC)ocm43341948
035 ## - SYSTEM CONTROL NUMBER
System control number (OCoLC)43341948
Canceled/invalid control number (OCoLC)59454228
035 ## - SYSTEM CONTROL NUMBER
System control number (NNC)8150818
040 ## - CATALOGING SOURCE
Original cataloging agency UKM
Transcribing agency UKM
Modifying agency OCL
-- TXH
-- OCLCQ
-- OCLCG
-- YDXCP
-- DEBBG
-- UKV3G
-- NLGGC
-- B9K
-- NNC
041 1# - LANGUAGE CODE
Language code of text/sound track or separate title eng
Language code of original and/or intermediate translations of text ita
050 ## - LIBRARY OF CONGRESS CALL NUMBER
Classification number D857.H63 2000
082 04 - DEWEY DECIMAL CLASSIFICATION NUMBER
Classification number 909.825
Edition number 21
084 ## - OTHER CLASSIFICATION NUMBER
Classification number LB 40000
Source of number rvk
084 ## - OTHER CLASSIFICATION NUMBER
Classification number NB 6650
Source of number rvk
084 ## - OTHER CLASSIFICATION NUMBER
Classification number 15.50
Source of number bcl
090 ## - LOCALLY ASSIGNED LC-TYPE CALL NUMBER (OCLC); LOCAL CALL NUMBER (OCLC)
Classification number (OCLC) (R) ; Classification number, CALL (RLIN) (NR) D857
Local cutter number (OCLC) ; Book number/undivided call number, CALL (RLIN) .H63 2000b
300 ## - PHYSICAL DESCRIPTION
Dimensions 22 cm.
100 1# - MAIN ENTRY--PERSONAL NAME
Personal name Hobsbawm, E. J.
Fuller form of name (Eric J.),
Dates associated with a name 1917-2012.
9 (RLIN) 17842
240 10 - UNIFORM TITLE
Uniform title <a href="Intervista sul nuovo secolo.">Intervista sul nuovo secolo.</a>
Language of a work English
245 14 - TITLE STATEMENT
Title The new century /
Statement of responsibility, etc Eric Hobsbawm in conversation with Antonio Polito ; translated from the Italian by Allan Cameron.
260 ## - PUBLICATION, DISTRIBUTION, ETC. (IMPRINT)
Place of publication, distribution, etc London :
Name of publisher, distributor, etc Little, Brown,
Date of publication, distribution, etc 2000.
300 ## - PHYSICAL DESCRIPTION
Extent 176 p. ;
500 ## - GENERAL NOTE
General note Includes index.
504 ## - BIBLIOGRAPHY, ETC. NOTE
Bibliography, etc Includes index.
600 10 - SUBJECT ADDED ENTRY--PERSONAL NAME
Personal name Hobsbawm, E. J.
Fuller form of name (Eric J.),
Dates associated with a name 1917-2012
Form subdivision Interviews.
9 (RLIN) 20517
650 #0 - SUBJECT ADDED ENTRY--TOPICAL TERM
Topical term or geographic name as entry element Civilization, Modern
Chronological subdivision 1950-
9 (RLIN) 4562
650 #0 - SUBJECT ADDED ENTRY--TOPICAL TERM
Topical term or geographic name as entry element Twenty-first century
Form subdivision Forecasts.
9 (RLIN) 20518
700 1# - ADDED ENTRY--PERSONAL NAME
Personal name Polito, Antonio.
9 (RLIN) 20519
942 ## - ADDED ENTRY ELEMENTS (KOHA)
Source of classification or shelving scheme Library of Congress Classification
Koha item type Monograph ( Printed materials)
948 1# - LOCAL PROCESSING INFORMATION (OCLC); SERIES PART DESIGNATOR (RLIN)
Series part designator, SPT (RLIN) 20101109
b (OCLC) c
c (OCLC) as2107
d (OCLC) MPS
Holdings
Withdrawn status Lost status Source of classification or shelving scheme Damaged status Not for loan Home library Current library Date acquired Total Checkouts Full call number Barcode Date last seen Date checked out Price effective from Koha item type
    Library of Congress Classification     ARRUPE LIBRARY ARRUPE LIBRARY 24/10/2015 1 D857.H63 2000 46500005268 27/01/2016 07/12/2015 24/10/2015 Monograph ( Printed materials)

 

Arrupe Library. PO Box MP320 Mt Pleasant, Harare, Zimbabwe
263 242 745411|librarian@aju.ac.zw